[Event "St Petersburg Korchnoi Memorial op"]
[Site "St Petersburg"]
[Date "2024.08.18"]
[Round "3"]
[White "Ponomarev, Egor1"]
[Black "Yakovlev, Ivan D"]
[Result "1-0"]
[WhiteElo "1789"]
[BlackElo "1613"]
[PlyCount "81"]
[EventDate "2024.08.17"]
[EventType "swiss"]
[EventRounds "9"]
[EventCountry "RUS"]
[SourceTitle "CBM 221 Extra"]
[Source "ChessBase"]
[SourceDate "2024.09.30"]
[SourceVersion "1"]
[SourceVersionDate "2024.09.30"]
[SourceQuality "1"]

1. d4 d5 2. Nc3 Nf6 3. Bf4 c6 4. e3 Bf5 5. Nf3 e6 6. Ne5 Nbd7 7. g4 Nxe5 8. gxf5 Ned7 9. fxe6 fxe6 10. Bh3 Qe7 11. Bg5 h6 12. Bxf6 Nxf6 13. f4 b5 14. Bg2 b4 15. Na4 h5 16. Qe2 Qc7 17. Qd3 h4 18. Bh3 Kf7 19. 0-0 Bd6 20. c4 Rae8 21. Kh1 Qa5 22. b3 Qa6 23. Nb2 c5 24. cxd5 Qxd3 25. dxe6+ Ke7 26. Nxd3 cxd4 27. exd4 Nd5 28. Rae1 Rc8 29. Ne5 Bxe5 30. fxe5 Rc2 31. Rf7+ Ke8 32. Bg2 Ne7 33. d5 Rxg2 34. Kxg2 h3+ 35. Kg3 Nxd5 36. Rd1 Nc3 37. Rdd7 Ne4+ 38. Kg4 Nc5 39. Rxa7 Nxe6 40. Rfe7+ Kf8 41. Rxe6 1-0

[Event "St Petersburg Korchnoi Memorial op"]
[Site "St Petersburg"]
[Date "2024.08.18"]
[Round "4"]
[White "Yakovlev, Ivan D"]
[Black "Milchenko, Valerii"]
[Result "1-0"]
[WhiteElo "1613"]
[BlackElo "1837"]
[PlyCount "119"]
[EventDate "2024.08.17"]
[EventType "swiss"]
[EventRounds "9"]
[EventCountry "RUS"]
[SourceTitle "CBM 221 Extra"]
[Source "ChessBase"]
[SourceDate "2024.09.30"]
[SourceVersion "1"]
[SourceVersionDate "2024.09.30"]
[SourceQuality "1"]

1. d4 Nf6 2. c4 e6 3. Bg5 Be7 4. Nf3 b6 5. e3 Bb7 6. Nc3 d6 7. Bd3 Nbd7 8. 0-0 0-0 9. Nd2 h6 10. Bh4 Nh7 11. Bxe7 Qxe7 12. Qc2 f5 13. f4 Nhf6 14. Rae1 Qf7 15. e4 Qg6 16. d5 exd5 17. exd5 Nh5 18. Re7 Rad8 19. Re6 Rf6 20. Rxf6 Qxf6 21. Bxf5 Qd4+ 22. Kh1 Nf8 23. Nb3 Qe3 24. Qe4 Re8 25. Qxe3 Rxe3 26. g3 g6 27. Be4 Nf6 28. Bf3 h5 29. Nd1 Re7 30. Kg2 N8d7 31. Kf2 Ba6 32. Nd2 b5 33. cxb5 Bxb5 34. Re1 Rxe1 35. Kxe1 Nb6 36. Nc3 Bd7 37. Nf1 Kg7 38. Ne3 a5 39. Kd2 a4 40. Kd3 Bc8 41. Kd4 Bd7 42. Nc4 Ng4 43. Nxb6 cxb6 44. Bxg4 hxg4 45. Kc4 Kf6 46. Nb5 Ke7 47. Kb4 Be8 48. Kxa4 Kf6 49. Kb4 Bf7 50. Kc4 Ke7 51. a4 Kd7 52. b4 Bg8 53. a5 bxa5 54. bxa5 Kc8 55. Nxd6+ Kb8 56. Kc5 Ka7 57. Nc4 Kb7 58. d6 Be6 59. Ne5 Kc8 60. Nxg6 1-0